000 00466nam a2200169 a 4500
001 12372
005 20180713200630.0
008 140415s1968 sp 000 0 spa d
041 _aspa
082 _a711
_bCIE
245 0 4 _aLAS INCOGNITAS DEL TRAFICO URBANO
250 _a1a ed.
260 _aESPAÑA :
_bG.GILI,
_c1968
490 _aCIENCIA URBANISTICA
_v6
650 1 4 _aPLANIFICACION REGIONAL
_xURBANISMO
740 _aTRAFFICO URBANO CHE FARE?
999 _c12372
_d12372